000 00422cam a2200181ua 4500
020 _cRs 2.25
041 _amal
_h
082 _a746.14
_bCHA/NA
100 _aChathu, P V .
245 _aNaithu Sastram /
_cP V Chathu.
_hTextual Documents
250 _a1 /
_b.
260 _aCalicut :
_bP. K. Brothers ,
_c1958.
300 _a150 ; .
365 _aRs 2.25
504 _a
942 _cBK
999 _c329
_d329